Safest Countries to Travel for US Citizens - Statistics

General Stats
  • This quiz has been taken 111 times
  • The average score is 44 of 76
Answer Stats
Continent Country % Correct
North America Canada
91%
Europe Finland
88%
Asia Japan
87%
Oceania Australia
86%
Europe Iceland
84%
Europe Ireland
83%
Europe Norway
83%
Europe Austria
80%
Asia South Korea
79%
Europe Switzerland
78%
Oceania New Zealand
76%
Europe Greece
75%
Europe Poland
75%
Europe Portugal
74%
South America Argentina
72%
Europe Slovakia
72%
Europe Slovenia
72%
Europe Croatia
71%
Europe Czech Republic
70%
Europe Liechtenstein
70%
Europe Lithuania
70%
Europe Estonia
68%
Europe Latvia
68%
Europe Luxembourg
68%
Asia Singapore
68%
Europe Bulgaria
66%
Europe Hungary
66%
Europe Romania
66%
North America Antigua and Barbuda
64%
Europe Andorra
63%
Europe Malta
62%
North America Barbados
61%
North America Dominica
59%
Asia Malaysia
59%
North America Saint Lucia
59%
Asia Taiwan
59%
Asia Thailand
59%
North America Grenada
58%
North America Saint Kitts and Nevis
58%
Oceania Fiji
57%
North America Saint Vincent and the Grenadines
57%
Asia Cyprus
55%
Asia Qatar
55%
Oceania Samoa
54%
Africa Cape Verde
53%
Europe Montenegro
53%
Oceania Tonga
53%
Asia Vietnam
53%
Asia Brunei
51%
Africa Seychelles
51%
Asia Cambodia
50%
Africa Mauritius
50%
Oceania Nauru
50%
Europe North Macedonia
50%
Africa Botswana
49%
Africa Comoros
47%
Oceania Federated States of Micronesia
47%
Asia Kuwait
47%
Oceania Palau
46%
Oceania Vanuatu
46%
Africa Angola
45%
Africa Sao Tome and Principe
45%
Asia Bhutan
43%
South America Suriname
43%
Africa Zambia
41%
Africa Namibia
38%
South America Paraguay
37%
Asia Mongolia
36%
Africa Senegal
34%
Africa Lesotho
33%
Asia Georgia
32%
Africa Gabon
29%
Africa Rwanda
29%
Africa Togo
26%
Asia Uzbekistan
21%
Asia Kyrgyzstan
18%
No matching quizzes found
Score Distribution
Percent of People with Each Score
Percentile by Number Answered
Your Score History
You have not taken this quiz